000 00314nam a2200133Ia 4500
008 231129s1994||||xx |||||||||||||| ||spa||
040 _bspa
082 _aCo861 R436s
100 _aRestrepo M. Abel Antonio
245 0 _aSuenos y quehaceres
260 _c1994
264 _aGraficas Olimpica
942 _2ddc
_cBKS
999 _c24893
_d24893